[Event "Benidorm 2003 - sub2300"]
[Site "Benidorm ESP"]
[Date "2003.11.26"]
[Round "7.20"]
[White "Gonzalez Marrero, Jacob"]
[Black "Cano Gimenez, Vicente"]
[Result "1-0"]
[WhiteElo "2229"]
[BlackElo "2178"]
[PlyCount "89"]
[EventDate "2003.11.21"]
[EventType "swiss"]
[EventRounds "9"]
[EventCountry "ESP"]
[Source "lmi"]
[SourceDate "2003.11.21"]

1. d4 Nf6 2. Nf3 e6 3. g3 b6 4. Bg2 Bb7 5. c4 Be7 6. O-O O-O 7. Re1 d5 8. cxd5
exd5 9. Nc3 Nbd7 10. Bf4 Nh5 11. Bd2 Nhf6 12. Rc1 c5 13. dxc5 Nxc5 14. Bf4 Ne6
15. Be5 Rc8 16. Bh3 Nd7 17. Bd4 Nxd4 18. Nxd4 Bf6 19. e3 a6 20. Re2 Rc5 21. Bg2
Qa8 22. Rec2 Rfc8 23. Nce2 Nf8 24. b3 Ne6 25. Nxe6 Rxc2 26. Rxc2 fxe6 27. Bh3
Re8 28. Nf4 e5 29. Ne6 Qb8 30. Nc7 Rd8 31. Be6+ Kh8 32. Qh5 g6 33. Qf3 Bg7 34.
Bxd5 Rc8 35. Bxb7 Rxc7 36. Rxc7 Qxc7 37. Bxa6 Qd6 38. Bc4 Qc5 39. Qf7 Qc8 40.
e4 Qd8 41. a4 Bf6 42. b4 Be7 43. a5 bxa5 44. bxa5 Bc5 45. a6 1-0

[Event "Benidorm 2003 - sub2300"]
[Site "Benidorm ESP"]
[Date "2003.11.26"]
[Round "7.21"]
[White "Fernandez Garcia, Juan Carlos"]
[Black "Martinez Torho, Jorge"]
[Result "1/2-1/2"]
[WhiteElo "2127"]
[BlackElo "2218"]
[PlyCount "80"]
[EventDate "2003.11.21"]
[EventType "swiss"]
[EventRounds "9"]
[EventCountry "ESP"]
[Source "lmi"]
[SourceDate "2003.11.21"]

1. c4 e5 2. Nc3 Nc6 3. g3 g6 4. Bg2 Bg7 5. Rb1 a5 6. a3 Nge7 7. b4 axb4 8. axb4
d6 9. b5 Nd4 10. e3 Ne6 11. Nge2 f5 12. d4 O-O 13. O-O e4 14. f3 exf3 15. Bxf3
Kh8 16. Bb2 Ng8 17. Nd5 Nf6 18. Nxf6 Bxf6 19. Bg2 Qe8 20. Qd3 Ng5 21. Nc3 c6
22. bxc6 bxc6 23. Rbe1 Bd7 24. e4 Qb8 25. Re2 Qb6 26. Rd2 Bg7 27. h4 fxe4 28.
Nxe4 Rxf1+ 29. Bxf1 Nxe4 30. Qxe4 Re8 31. Qg2 Bf5 32. Qf2 Rf8 33. Qg2 Qa5 34.
Rd1 d5 35. cxd5 cxd5 36. Qd2 Qc7 37. Qc3 Qb8 38. Rd2 Rc8 39. Qa3 Bh6 40. Rf2
Re8 1/2-1/2

[Event "Benidorm 2003 - sub2300"]
[Site "Benidorm ESP"]
[Date "2003.11.26"]
[Round "7.22"]
[White "Vuilleumier, Alex"]
[Black "Mogranzini, Roberto"]
[Result "0-1"]
[WhiteElo "2216"]
[BlackElo "2172"]
[PlyCount "120"]
[EventDate "2003.11.21"]
[EventType "swiss"]
[EventRounds "9"]
[EventCountry "ESP"]
[Source "lmi"]
[SourceDate "2003.11.21"]

1. Nf3 Nf6 2. g3 g6 3. Bg2 Bg7 4. O-O O-O 5. c4 d6 6. d4 Nc6 7. Nc3 a6 8. b3
Rb8 9. Nd5 e6 10. Nxf6+ Bxf6 11. Bb2 Ne7 12. e4 Bg7 13. Qe2 b5 14. Rfd1 bxc4
15. Qxc4 Bb7 16. e5 Qd7 17. Rac1 Rfc8 18. Ba3 a5 19. Ng5 Nd5 20. Ne4 Nb4 21.
Bxb4 axb4 22. Nf6+ Bxf6 23. Bxb7 Rxb7 24. exf6 Qd8 25. d5 Qxf6 26. dxe6 Qxe6
27. Qxe6 fxe6 28. Rxd6 cxd6 29. Rxc8+ Kf7 30. Kg2 Kf6 31. Kf3 Ke5 32. Ke3 Kd5
33. h4 e5 34. g4 Rf7 35. Rc4 Ra7 36. Rc2 Rf7 37. Rc4 Ra7 38. Rxb4 Rxa2 39. g5
Ra7 40. Rb5+ Kc6 41. Rb8 Rf7 42. Rb4 Kc5 43. Rc4+ Kd5 44. f3 Rb7 45. Rc3 Rb4
46. Kf2 Rxh4 47. Rc7 Ke6 48. Kg3 Rb4 49. Rxh7 Kf5 50. Rd7 Rb6 51. Kh4 Rb4+ 52.
Kg3 Rd4 53. b4 Kxg5 54. b5 Kf6 55. b6 Ke6 56. b7 Rb4 57. Rg7 Kd5 58. Kf2 g5 59.
Rxg5 Rxb7 60. f4 Rf7 0-1

[Event "Benidorm 2003 - sub2300"]
[Site "Benidorm ESP"]
[Date "2003.11.26"]
[Round "7.24"]
[White "Llavador Moron, Juan Jose"]
[Black "Ceballos Hornero, Daniel"]
[Result "1-0"]
[WhiteElo "2108"]
[BlackElo "2207"]
[PlyCount "83"]
[EventDate "2003.11.21"]
[EventType "swiss"]
[EventRounds "9"]
[EventCountry "ESP"]
[Source "lmi"]
[SourceDate "2003.11.21"]

1. e4 e5 2. Nf3 Nc6 3. Bb5 g6 4. d4 exd4 5. Bg5 Be7 6. Bxe7 Qxe7 7. O-O Qc5 8.
Bxc6 dxc6 9. Qxd4 Qxd4 10. Nxd4 Bd7 11. Nc3 O-O-O 12. Rad1 Nh6 13. Rd2 Rhe8 14.
Rfd1 a6 15. f3 f6 16. Kf2 Nf7 17. b3 Nd6 18. Nde2 Be6 19. Na4 Bf7 20. c4 f5 21.
e5 Rxe5 22. c5 b5 23. cxb6 Rd5 24. bxc7 Kxc7 25. Rxd5 Bxd5 26. Rc1 Nb5 27. Nc5
Kb6 28. a4 Nc7 29. a5+ Ka7 30. Nf4 Re8 31. Rc3 g5 32. Nh5 f4 33. Nf6 Re7 34.
Nfd7 h6 35. Nb6 Re5 36. Nc8+ Kb8 37. Nd7+ Kxc8 38. Nxe5 Nb5 39. Rd3 Kc7 40. Ng4
h5 41. Nf6 Bf7 42. Rd7+ 1-0

[Event "Benidorm 2003 - sub2300"]
[Site "Benidorm ESP"]
[Date "2003.11.26"]
[Round "7.27"]
[White "Rouzaud, Philippe"]
[Black "Mollero, Michele"]
[Result "1-0"]
[WhiteElo "2284"]
[BlackElo "2179"]
[PlyCount "103"]
[EventDate "2003.11.21"]
[EventType "swiss"]
[EventRounds "9"]
[EventCountry "ESP"]
[Source "lmi"]
[SourceDate "2003.11.21"]

1. e4 d5 2. exd5 Qxd5 3. Nf3 Nf6 4. Be2 Bg4 5. O-O e6 6. Nc3 Qd8 7. Ne5 Bxe2 8.
Qxe2 Nbd7 9. d4 c6 10. Re1 Be7 11. Ne4 Nxe4 12. Qxe4 O-O 13. c3 Nf6 14. Qe2 Qc7
15. Bg5 Nd5 16. Bxe7 Qxe7 17. Rad1 Rad8 18. Rd2 c5 19. Red1 cxd4 20. Rxd4 Nf6
21. Qd3 Rd5 22. Rxd5 Nxd5 23. Qd4 Qc7 24. c4 Nb6 25. b3 f6 26. Nd7 Nxd7 27.
Qxd7 Qxd7 28. Rxd7 Rf7 29. Rd8+ Rf8 30. Rd6 e5 31. Kf1 Rf7 32. Ke2 Rc7 33. Kd3
Kf7 34. Ke4 Ke7 35. Kd5 b6 36. Re6+ Kd7 37. b4 Rxc4 38. Rxf6 gxf6 39. Kxc4 Kc6
40. g4 b5+ 41. Kd3 Kd5 42. f3 a6 43. a3 Kd6 44. Ke4 Ke6 45. h3 h5 46. h4 Kd6
47. Kf5 hxg4 48. Kxg4 Ke6 49. h5 Kf7 50. Kf5 Kg7 51. h6+ Kxh6 52. Kxf6 1-0

[Event "Benidorm 2003 - sub2300"]
[Site "Benidorm ESP"]
[Date "2003.11.26"]
[Round "7.28"]
[White "Gabaldon Gomez, Miguel Angel"]
[Black "Van Hoolandt, Patrick"]
[Result "0-1"]
[WhiteElo "2186"]
[BlackElo "2272"]
[PlyCount "140"]
[EventDate "2003.11.21"]
[EventType "swiss"]
[EventRounds "9"]
[EventCountry "ESP"]
[Source "lmi"]
[SourceDate "2003.11.21"]

1. d4 Nf6 2. Nf3 e6 3. c4 Bb4+ 4. Bd2 Qe7 5. g3 Nc6 6. Bg2 Bxd2+ 7. Nbxd2 d6 8.
e4 e5 9. d5 Nb8 10. O-O a5 11. Ne1 h5 12. h3 h4 13. g4 Nfd7 14. Nd3 g5 15. Re1
Nf8 16. Nf1 Ng6 17. Ne3 Nf4 18. Nf5 Bxf5 19. exf5 Nxd3 20. Qxd3 Nd7 21. Qd2 f6
22. b3 O-O 23. f4 gxf4 24. Qxf4 Qg7 25. Qd2 Kh7 26. a3 Nc5 27. Rab1 Qh6 28.
Qxh6+ Kxh6 29. Red1 Ra7 30. Kf2 Rb8 31. Bf1 Ne4+ 32. Ke3 Nc3 33. Rbc1 Nxd1+ 34.
Rxd1 Rd8 35. Ke4 c6 36. Rd2 Raa8 37. Ke3 Rab8 38. a4 Kg7 39. Bg2 Kf8 40. Rb2
Re8 41. Rd2 Ke7 42. Rd3 Kd7 43. Kd2 Kc7 44. Kc3 b5 45. dxc6 bxa4 46. bxa4 Rb4
47. Rd5 Rxa4 48. c5 Rd8 49. cxd6+ Rxd6 50. Rb5 e4 51. Kb3 Rb4+ 52. Rxb4 axb4
53. Bxe4 Rd4 54. Bg2 Rd2 55. Be4 Re2 56. Bd5 Kd6 57. c7 Kxc7 58. g5 fxg5 59. f6
Kd6 60. f7 Ke7 61. Kxb4 Re3 62. Bg2 Kxf7 63. Kc4 Kf6 64. Kd4 Rg3 65. Bf1 Kf5
66. Bb5 Kf4 67. Bd7 Rg1 68. Be6 Rd1+ 69. Kc3 Kg3 70. Kc2 Rh1 0-1

[Event "Benidorm 2003 - sub2300"]
[Site "Benidorm ESP"]
[Date "2003.11.26"]
[Round "7.29"]
[White "Rodriguez Cordon, Luis"]
[Black "Martin Martin, Luis Vicente"]
[Result "1-0"]
[WhiteElo "2271"]
[BlackElo "2168"]
[PlyCount "93"]
[EventDate "2003.11.21"]
[EventType "swiss"]
[EventRounds "9"]
[EventCountry "ESP"]
[Source "lmi"]
[SourceDate "2003.11.21"]

1. d4 Nf6 2. c4 e5 3. dxe5 Ne4 4. a3 Qh4 5. g3 Qh5 6. Bg2 Qxe5 7. Nf3 Qc5 8.
Qd4 Nf6 9. Nc3 Qxd4 10. Nxd4 Nc6 11. Ndb5 Kd8 12. Nd5 Nxd5 13. cxd5 Ne5 14. Bf4
Bd6 15. Rc1 a6 16. Nxd6 cxd6 17. Be3 b5 18. b3 a5 19. f4 Ng4 20. Bb6+ Ke7 21.
h3 Ra6 22. Bd4 Nf6 23. e4 Rd8 24. g4 Bb7 25. Kd2 Raa8 26. Rc7 Rdb8 27. Bxf6+
gxf6 28. Rhc1 b4 29. a4 Ba6 30. Bf3 Kd8 31. h4 h6 32. Ke3 Rc8 33. Rxc8+ Rxc8
34. Rxc8+ Bxc8 35. Be2 Ke7 36. Kd4 Bb7 37. Bb5 Bc8 38. Ke3 Kf8 39. Kf3 Kg7 40.
Kg3 Kh7 41. h5 Kh8 42. Kh4 Kg7 43. g5 fxg5+ 44. fxg5 f6 45. gxh6+ Kxh6 46. Kg4
Bb7 47. Be2 1-0

[Event "Benidorm 2003 - sub2300"]
[Site "Benidorm ESP"]
[Date "2003.11.26"]
[Round "7.30"]
[White "De la Fuente Gonzalez, Francisco"]
[Black "Guez, Fabien"]
[Result "1/2-1/2"]
[WhiteElo "2260"]
[BlackElo "2158"]
[PlyCount "128"]
[EventDate "2003.11.21"]
[EventType "swiss"]
[EventRounds "9"]
[EventCountry "ESP"]
[Source "lmi"]
[SourceDate "2003.11.21"]

1. d4 e6 2. c4 d5 3. Nc3 c5 4. cxd5 exd5 5. Nf3 Nc6 6. g3 Nf6 7. Bg2 Be7 8. O-O
O-O 9. Bf4 c4 10. Ne5 Be6 11. Nxc6 bxc6 12. e4 dxe4 13. Nxe4 Nxe4 14. Bxe4 Bd5
15. Qc2 Bxe4 16. Qxe4 Bf6 17. Be5 Bxe5 18. dxe5 Qd5 19. Rfe1 Rab8 20. Rad1 Qxe4
21. Rxe4 Rxb2 22. Rxc4 Rxa2 23. Rxc6 a5 24. Rc7 a4 25. Ra7 h6 26. Rdd7 Re2 27.
Re7 Re4 28. Kg2 Kh7 29. Kf3 Rb4 30. Rxf7 Rxf7+ 31. Rxf7 Kg6 32. Rf8 a3 33. Ra8
Kf5 34. Rxa3 Kxe5 35. Ra5+ Kf6 36. h4 Rc4 37. h5 Rc6 38. g4 g6 39. hxg6 Kxg6
40. Kg3 Rc3+ 41. Kh4 Rf3 42. Ra2 Kg7 43. g5 hxg5+ 44. Kxg5 Rf7 45. f4 Rb7 46.
f5 Rc7 47. Rh2 Rc5 48. Ra2 Rc7 49. Ra6 Rb7 50. Rg6+ Kh7 51. Rh6+ Kg8 52. Rh1
Rb6 53. Ra1 Kf7 54. Ra7+ Kf8 55. Kf4 Rb5 56. Ke4 Rc5 57. Kf4 Rb5 58. Kg5 Rb6
59. Rh7 Ra6 60. Rb7 Rc6 61. f6 Rc1 62. Kg6 Rg1+ 63. Kf5 Rf1+ 64. Ke6 Re1+
1/2-1/2

[Event "Benidorm 2003 - sub2300"]
[Site "Benidorm ESP"]
[Date "2003.11.26"]
[Round "7.31"]
[White "Strekalovski, Viktor"]
[Black "Ballesteros Gonzalez, David"]
[Result "0-1"]
[WhiteElo "2177"]
[BlackElo "2259"]
[PlyCount "64"]
[EventDate "2003.11.21"]
[EventType "swiss"]
[EventRounds "9"]
[EventCountry "ESP"]
[Source "lmi"]
[SourceDate "2003.11.21"]

1. e4 c5 2. Nf3 Nc6 3. d4 cxd4 4. Nxd4 Nf6 5. Nc3 d6 6. Bg5 e6 7. Nb3 Be7 8.
Qf3 h6 9. Bh4 a6 10. O-O-O Qc7 11. Bg3 e5 12. h3 Be6 13. Kb1 O-O 14. Bd3 b5 15.
Nd5 Bxd5 16. exd5 Nb4 17. Be4 a5 18. a3 Na6 19. Bf5 a4 20. Nc1 b4 21. Bh4 bxa3
22. Qxa3 Rfb8 23. f3 Nc5 24. Bf2 Ra6 25. Bxc5 dxc5 26. c4 Ne8 27. Rhe1 Nd6 28.
Bd3 Bf6 29. Re2 Rb4 30. Rc2 Rab6 31. Bf1 e4 32. Rdd2 Qb8 0-1

[Event "Benidorm 2003 - sub2300"]
[Site "Benidorm ESP"]
[Date "2003.11.26"]
[Round "7.32"]
[White "Ibanez Terradellas, Eduardo"]
[Black "Palma Macias, Jose Alberto"]
[Result "0-1"]
[WhiteElo "2257"]
[BlackElo "2149"]
[PlyCount "62"]
[EventDate "2003.11.21"]
[EventType "swiss"]
[EventRounds "9"]
[EventCountry "ESP"]
[Source "lmi"]
[SourceDate "2003.11.21"]

1. d4 g6 2. Nf3 Nf6 3. Bg5 Bg7 4. Nbd2 d6 5. e4 O-O 6. c3 h6 7. Bh4 Nbd7 8. Be2
e5 9. dxe5 dxe5 10. O-O Qe7 11. Re1 Nc5 12. Qc2 Bg4 13. Bf1 g5 14. Bg3 Nh5 15.
b4 Nxg3 16. hxg3 Nd7 17. Nc4 Nb6 18. Ne3 Be6 19. Nd2 Rfd8 20. Nb3 c6 21. Na5
Bf8 22. a3 Qc7 23. Rad1 c5 24. b5 c4 25. a4 a6 26. Rxd8 Rxd8 27. Rd1 Rxd1 28.
Qxd1 axb5 29. axb5 Qc5 30. Qb1 Qa3 31. Nxb7 Qa8 0-1

[Event "Benidorm 2003 - sub2300"]
[Site "Benidorm ESP"]
[Date "2003.11.26"]
[Round "7.33"]
[White "Remizov, Juri"]
[Black "Mihailovs, Jurijs"]
[Result "1-0"]
[WhiteElo "2255"]
[BlackElo "2152"]
[PlyCount "99"]
[EventDate "2003.11.21"]
[EventType "swiss"]
[EventRounds "9"]
[EventCountry "ESP"]
[Source "lmi"]
[SourceDate "2003.11.21"]

1. e4 c5 2. Nf3 e6 3. c3 d5 4. e5 Nc6 5. d4 Qb6 6. a3 Nh6 7. b4 cxb4 8. cxb4
Nf5 9. Bb2 Bd7 10. g4 Nh6 11. h3 f6 12. Nc3 fxe5 13. Na4 Qc7 14. Nxe5 Nxe5 15.
dxe5 d4 16. Rc1 Qxe5+ 17. Be2 Bc6 18. Rxc6 bxc6 19. Bxd4 Qe4 20. f3 Qf4 21. Qd2
Qg3+ 22. Bf2 Qd6 23. Qc3 Nf7 24. Nc5 h5 25. Ne4 Qd7 26. g5 Nd6 27. Nc5 Qe7 28.
Nxe6 Rc8 29. Nc5 Qxg5 30. Rg1 Qd5 31. Qe3+ Be7 32. Bd3 O-O 33. Qh6 Qe5+ 34. Kd2
Qb2+ 35. Kd1 Qa1+ 36. Kd2 Qb2+ 37. Bc2 Nc4+ 38. Ke1 Qc3+ 39. Kf1 Bxc5 40. Qh7+
Kf7 41. Qg6+ Kg8 42. Qh7+ Kf7 43. Rxg7+ Qxg7 44. Bg6+ Kf6 45. Bh4+ Ke6 46. Qxg7
Rxf3+ 47. Kg2 Rcf8 48. bxc5 Ne3+ 49. Kg1 Rf1+ 50. Kh2 1-0

[Event "Benidorm 2003 - sub2300"]
[Site "Benidorm ESP"]
[Date "2003.11.26"]
[Round "7.34"]
[White "Acebal Muniz, Antonio"]
[Black "Reig Pinol, Armand"]
[Result "1-0"]
[WhiteElo "2230"]
[BlackElo "2124"]
[PlyCount "47"]
[EventDate "2003.11.21"]
[EventType "swiss"]
[EventRounds "9"]
[EventCountry "ESP"]
[Source "lmi"]
[SourceDate "2003.11.21"]

1. Nf3 d6 2. d4 Bg4 3. c4 Nd7 4. e4 e5 5. Be2 Be7 6. O-O Bxf3 7. Bxf3 Bg5 8.
Nc3 Bxc1 9. Rxc1 Ne7 10. Bg4 h5 11. Bxd7+ Qxd7 12. Qb3 c6 13. dxe5 dxe5 14.
Rfd1 Qc7 15. Rd3 Rd8 16. Rcd1 Rxd3 17. Rxd3 Ng6 18. Qa4 b6 19. Nd5 Qb7 20. Nb4
O-O 21. Qxc6 Qxc6 22. Nxc6 Rc8 23. Rd6 a5 24. Rxg6 1-0

[Event "Benidorm 2003 - sub2300"]
[Site "Benidorm ESP"]
[Date "2003.11.26"]
[Round "7.35"]
[White "Aalbersberg Kroon, Pedro"]
[Black "Cano Sanchez, Josue"]
[Result "0-1"]
[WhiteElo "2165"]
[BlackElo "2224"]
[PlyCount "60"]
[EventDate "2003.11.21"]
[EventType "swiss"]
[EventRounds "9"]
[EventCountry "ESP"]
[Source "lmi"]
[SourceDate "2003.11.21"]

1. e4 e6 2. d4 d5 3. Nc3 Bb4 4. Nge2 dxe4 5. a3 Be7 6. Nxe4 Nf6 7. N2g3 Nc6 8.
c3 e5 9. Be3 exd4 10. cxd4 O-O 11. Be2 Nd5 12. O-O f5 13. Nc3 Nxc3 14. bxc3 f4
15. Bd3 g6 16. Qb3+ Kh8 17. d5 fxe3 18. dxc6 Qxd3 19. cxb7 Bxb7 20. Qxb7 exf2+
21. Kh1 Bd6 22. Rad1 Qxc3 23. Ne4 Qxa3 24. Rxd6 Rab8 25. Qa6 Rb1 26. Qc4 Rxf1+
27. Qxf1 cxd6 28. Nxf2 Qb2 29. Kg1 a5 30. Qe1 Qxf2+ 0-1

[Event "Benidorm 2003 - sub2300"]
[Site "Benidorm ESP"]
[Date "2003.11.26"]
[Round "7.37"]
[White "Carnicero Rodriguez, Luis"]
[Black "Tscharotschkin, Michael"]
[Result "0-1"]
[WhiteElo "2146"]
[BlackElo "2214"]
[PlyCount "83"]
[EventDate "2003.11.21"]
[EventType "swiss"]
[EventRounds "9"]
[EventCountry "ESP"]
[Source "lmi"]
[SourceDate "2003.11.21"]

1. Nf3 Nf6 2. c4 g6 3. Nc3 d5 4. d4 Bg7 5. Qb3 dxc4 6. Qxc4 O-O 7. e4 c6 8. Qb3
a5 9. Bf4 b5 10. Qc2 Na6 11. a3 a4 12. Be2 Be6 13. O-O Bb3 14. Qd2 Qb6 15. Bh6
Rad8 16. Bxg7 Kxg7 17. Qf4 Nc7 18. Qh4 h6 19. Rfe1 Ne6 20. d5 g5 21. Qg3 Nf4
22. Nxg5 hxg5 23. Qxg5+ Ng6 24. h4 Rh8 25. h5 Rh6 26. dxc6 e5 27. g4 Qc7 28.
Bxb5 Qc8 29. Be2 Nh7 30. Qe3 Nf4 31. Rac1 Qb8 32. Nd5 Ng5 33. Nxf4 exf4 34.
Qc3+ Kh7 35. f3 Qb6+ 36. Qc5 Rd2 37. Kf1 Qxc5 38. Rxc5 Ne6 39. Rf5 Rxe2 40.
Rxe2 Bc4 41. Rxf7+ Kg8 42. Re7 0-1

[Event "Benidorm 2003 - sub2300"]
[Site "Benidorm ESP"]
[Date "2003.11.26"]
[Round "7.38"]
[White "Godlauskas, Kazys"]
[Black "Dura Olmos, Gines Raul"]
[Result "1-0"]
[WhiteElo "2209"]
[BlackElo "2056"]
[PlyCount "71"]
[EventDate "2003.11.21"]
[EventType "swiss"]
[EventRounds "9"]
[EventCountry "ESP"]
[Source "lmi"]
[SourceDate "2003.11.21"]

1. e4 e5 2. Nf3 Nc6 3. d4 exd4 4. Nxd4 Bc5 5. Nxc6 Qf6 6. Qd2 dxc6 7. Bd3 Be6
8. Nc3 O-O-O 9. O-O Bd4 10. Na4 c5 11. Qa5 c4 12. Bg5 Qe5 13. Qxe5 Bxe5 14.
Bxd8 cxd3 15. Bh4 b5 16. Nc5 dxc2 17. Nxe6 Bxb2 18. Nxg7 Bxg7 19. Rac1 Nf6 20.
Bxf6 Bxf6 21. Rxc2 Bd4 22. Rfc1 Bb6 23. Kf1 Rd8 24. Rc6 Rd2 25. R1c2 Rd1+ 26.
Ke2 Rg1 27. Kf3 Kb7 28. Rf6 a5 29. Rxf7 b4 30. e5 a4 31. e6 b3 32. axb3 axb3
33. Rb2 Rf1 34. e7 Rxf2+ 35. Rxf2 Bxf2 36. e8=Q 1-0

[Event "Benidorm 2003 - sub2300"]
[Site "Benidorm ESP"]
[Date "2003.11.26"]
[Round "7.39"]
[White "Fossum, Oystein Boyum"]
[Black "Ortells Perez, Victor"]
[Result "1-0"]
[WhiteElo "2098"]
[BlackElo "2201"]
[PlyCount "104"]
[EventDate "2003.11.21"]
[EventType "swiss"]
[EventRounds "9"]
[EventCountry "ESP"]
[Source "lmi"]
[SourceDate "2003.11.21"]

1. c4 Nf6 2. g3 d6 3. Bg2 g6 4. Nc3 Bg7 5. e4 c5 6. Nge2 O-O 7. O-O Nc6 8. d3
e5 9. f4 exf4 10. gxf4 Bg4 11. Bf3 Bxf3 12. Rxf3 Nh5 13. f5 Qh4 14. Qf1 Ne5 15.
Rh3 Qg4+ 16. Qg2 Rad8 17. Bg5 Rd7 18. Rf1 Re8 19. Nd5 Qxg2+ 20. Kxg2 Nxd3 21.
Rxd3 Rxe4 22. Ng3 Rg4 23. Bc1 Nxg3 24. hxg3 Rxc4 25. f6 Bf8 26. Re1 Rd8 27. b3
Rc2+ 28. Rd2 Rxd2+ 29. Bxd2 h6 30. Re7 g5 31. Rxb7 Re8 32. Ne7+ Bxe7 33. Rxe7
Ra8 34. Rd7 a5 35. Rxd6 a4 36. b4 cxb4 37. Bxb4 Kh7 38. a3 Kg6 39. Kf3 h5 40.
Rc6 Ra7 41. Be7 Rb7 42. Bb4 Ra7 43. Ke4 Ra8 44. Bd2 Rd8 45. Be3 Re8+ 46. Kf3 h4
47. Rc5 g4+ 48. Kf4 h3 49. Rd5 Kxf6 50. Bd4+ Ke6 51. Re5+ Kd7 52. Rxe8 Kxe8 1-0

[Event "Benidorm 2003 - sub2300"]
[Site "Benidorm ESP"]
[Date "2003.11.26"]
[Round "7.40"]
[White "Torres Samper, Rafael"]
[Black "Planas, Juan"]
[Result "1-0"]
[WhiteElo "2119"]
[BlackElo "2199"]
[PlyCount "70"]
[EventDate "2003.11.21"]
[EventType "swiss"]
[EventRounds "9"]
[EventCountry "ESP"]
[Source "lmi"]
[SourceDate "2003.11.21"]

1. e4 c5 2. Nf3 Nc6 3. d4 cxd4 4. Nxd4 Nf6 5. Nc3 e5 6. Ndb5 d6 7. Bg5 a6 8.
Bxf6 gxf6 9. Na3 b5 10. Nd5 f5 11. Bd3 Be6 12. Qh5 Rg8 13. c3 Rxg2 14. Qf3 Rg8
15. exf5 Bxd5 16. Qxd5 Rc8 17. Nxb5 axb5 18. Bxb5 Qb6 19. O-O-O Qc5 20. Qb3
Qxf2 21. Rhf1 Qb6 22. a4 Rg4 23. Qd5 Qe3+ 24. Rd2 Qe4 25. Qxe4 Rxe4 26. Kb1 Kd7
27. Rg2 Bh6 28. f6 Ke6 29. Bd3 Rf4 30. Rd1 Rxa4 31. Bxh7 Rca8 32. Rd3 Ra1+ 33.
Kc2 Rc1+ 34. Kb3 Na5+ 35. Ka4 Ra1+ 1-0

[Event "Benidorm 2003 - sub2300"]
[Site "Benidorm ESP"]
[Date "2003.11.26"]
[Round "7.42"]
[White "Sarto Ramos, Angel"]
[Black "Nunez Garcia, Alberto"]
[Result "0-1"]
[WhiteElo "2067"]
[BlackElo "2205"]
[PlyCount "84"]
[EventDate "2003.11.21"]
[EventType "swiss"]
[EventRounds "9"]
[EventCountry "ESP"]
[Source "lmi"]
[SourceDate "2003.11.21"]

1. Nf3 Nf6 2. d4 g6 3. Bg5 Bg7 4. e3 O-O 5. Nbd2 d6 6. Be2 c5 7. c3 Nc6 8. Bxf6
Bxf6 9. dxc5 d5 10. h4 e5 11. h5 Be6 12. Qc2 a5 13. e4 d4 14. Nc4 Qe7 15. hxg6
hxg6 16. Nb6 Rad8 17. Na4 dxc3 18. bxc3 Kg7 19. a3 Bg4 20. Bc4 Rh8 21. Rxh8
Rxh8 22. Ke2 Bg5 23. Rd1 Bf4 24. Rd6 Rh2 25. Kd3 Rxg2 26. Ne1 Rg1 27. Qb1 Qh4
28. Qxb7 Nd8 29. Rxd8 Qxd8+ 30. Bd5 Rxe1 31. Qxf7+ Kh6 32. c6 Rd1+ 33. Kc4 Qd6
34. Kb5 Rb1+ 35. Ka6 Qb8 36. Qb7 Bc8 37. Nb6 Bxb7+ 38. cxb7 Qd6 39. Ka7 Rxb6
40. Bc4 Qc7 41. Bd5 a4 42. c4 Rd6 0-1

[Event "Benidorm 2003 - sub2300"]
[Site "Benidorm ESP"]
[Date "2003.11.26"]
[Round "7.43"]
[White "Garcia Amoros, Pablo"]
[Black "Vazquez Gonzalez, Francisco"]
[Result "1-0"]
[WhiteElo "2211"]
[BlackElo "2123"]
[PlyCount "53"]
[EventDate "2003.11.21"]
[EventType "swiss"]
[EventRounds "9"]
[EventCountry "ESP"]
[Source "lmi"]
[SourceDate "2003.11.21"]

1. e4 e5 2. Nf3 Nc6 3. Bb5 f5 4. Nc3 fxe4 5. Nxe4 d5 6. Nxe5 dxe4 7. Nxc6 Qg5
8. Qe2 Nf6 9. f4 Qxf4 10. Ne5+ c6 11. d4 Qh4+ 12. g3 Qh3 13. Bc4 Be6 14. Bg5
Bd6 15. O-O-O O-O-O 16. Nf7 Bxf7 17. Bxf7 Rd7 18. Qc4 Re7 19. d5 Rxf7 20. dxc6
Qf5 21. h4 Rc7 22. Rxd6 Qf3 23. Rf1 Qxg3 24. Qe6+ Kb8 25. Bf4 Qxh4 26. Rd4 Re8
27. Bxc7+ 1-0

[Event "Benidorm 2003 - sub2300"]
[Site "Benidorm ESP"]
[Date "2003.11.26"]
[Round "7.44"]
[White "Queimadelos Garcia, Victor"]
[Black "Sanchez Romero, Miguel A"]
[Result "1/2-1/2"]
[WhiteElo "2101"]
[BlackElo "2199"]
[PlyCount "88"]
[EventDate "2003.11.21"]
[EventType "swiss"]
[EventRounds "9"]
[EventCountry "ESP"]
[Source "lmi"]
[SourceDate "2003.11.21"]

1. Nf3 Nf6 2. c4 g6 3. Nc3 Bg7 4. e4 d6 5. d4 O-O 6. Be2 e5 7. dxe5 dxe5 8.
Qxd8 Rxd8 9. Bg5 Re8 10. Nd5 Nxd5 11. cxd5 c6 12. Bc4 cxd5 13. Bxd5 Nd7 14. Nd2
Nf6 15. Bb3 h6 16. Be3 Bf8 17. f3 Bd7 18. Kf2 b5 19. Rac1 Kg7 20. Rc7 Bd6 21.
Rxa7 Rxa7 22. Bxa7 Nh5 23. Rd1 Bf8 24. Nf1 Be6 25. Bxe6 Rxe6 26. Be3 b4 27. b3
Ra6 28. Rd2 Nf4 29. Ng3 Ne6 30. Rc2 Be7 31. Ne2 f5 32. exf5 gxf5 33. f4 e4 34.
Nd4 Nxd4 35. Bxd4+ Kf7 36. Ke3 h5 37. Rc7 Ke6 38. Ra7 Rc6 39. Kd2 Bc5 40. Bxc5
Rxc5 41. Ra4 Rd5+ 42. Ke2 Rc5 43. Kd2 Rd5+ 44. Ke2 Rc5 1/2-1/2

[Event "Benidorm 2003 - sub2300"]
[Site "Benidorm ESP"]
[Date "2003.11.26"]
[Round "7.46"]
[White "Sanchez Criado, Lluis"]
[Black "Perez Aleman, Pedro Tomas"]
[Result "0-1"]
[WhiteElo "2180"]
[BlackElo "2118"]
[PlyCount "100"]
[EventDate "2003.11.21"]
[EventType "swiss"]
[EventRounds "9"]
[EventCountry "ESP"]
[Source "lmi"]
[SourceDate "2003.11.21"]

1. d4 Nf6 2. c4 g6 3. Nc3 Bg7 4. e4 d6 5. Be2 O-O 6. Bg5 c5 7. d5 e6 8. Qd2
exd5 9. cxd5 Re8 10. Bb5 Bd7 11. Bxd7 Nbxd7 12. f3 h6 13. Be3 Ne5 14. Qe2 c4
15. Nh3 Nd3+ 16. Kf1 Nd7 17. g3 b5 18. Nf2 N7e5 19. Kg2 Nxf2 20. Qxf2 b4 21.
Nd1 a5 22. Bd4 Nd3 23. Qe3 Bxd4 24. Qxd4 Qg5 25. Ne3 Nxb2 26. f4 Qe7 27. Ng4 c3
28. Nf6+ Kf8 29. Nh7+ Kg8 30. Nf6+ Kf8 31. Nxe8 Kxe8 32. Rhe1 Qa7 33. Qg7 Nd3
34. Re2 Qa6 35. Re3 Rc8 36. e5 dxe5 37. Rxd3 Qxd3 38. Qxe5+ Kd7 39. Re1 Qd2+
40. Re2 Qxe2+ 41. Qxe2 c2 42. Qb5+ Kd8 43. Qb6+ Ke8 44. Qe3+ Kd7 45. Qc1 a4 46.
Kf3 b3 47. axb3 axb3 48. Ke4 b2 49. Qxb2 c1=Q 50. Qb5+ Kd8 0-1

[Event "Benidorm 2003 - sub2300"]
[Site "Benidorm ESP"]
[Date "2003.11.26"]
[Round "7.47"]
[White "Aymerich Rosell, Pablo"]
[Black "Borras Duran, Pere"]
[Result "1-0"]
[WhiteElo "2123"]
[BlackElo "2170"]
[PlyCount "103"]
[EventDate "2003.11.21"]
[EventType "swiss"]
[EventRounds "9"]
[EventCountry "ESP"]
[Source "lmi"]
[SourceDate "2003.11.21"]

1. d4 Nf6 2. c4 g6 3. Nc3 Bg7 4. e4 d6 5. Nf3 O-O 6. Be2 e5 7. O-O exd4 8. Nxd4
Re8 9. f3 c6 10. Nc2 Na6 11. Be3 Nc7 12. Qd2 d5 13. Rad1 Be6 14. cxd5 cxd5 15.
e5 Nd7 16. f4 Nb6 17. b3 Rc8 18. Kh1 Qh4 19. Nd4 Bg4 20. Ndb5 Bxe2 21. Qxe2 d4
22. Bxd4 Nxb5 23. Nxb5 Rcd8 24. Qf2 Qg4 25. Qf3 Qxf3 26. Rxf3 a6 27. Nc3 Nd5
28. Rff1 Bh6 29. g3 Bf8 30. Ne4 Be7 31. Bg1 Rd7 32. Nd6 Nc3 33. Rc1 Bxd6 34.
Rxc3 Bf8 35. Rfc1 Rd2 36. R3c2 Red8 37. Rxd2 Rxd2 38. Rc8 Kg7 39. Rc7 Kg8 40.
Rxb7 Rxa2 41. Rb8 Kg7 42. Bd4 Rd2 43. Rd8 Kh6 44. e6 Kh5 45. Rxf8 fxe6 46. Bg1
Rb2 47. Rb8 Kg4 48. Rb6 Kf5 49. Rxa6 Rxb3 50. Ra5+ Kg4 51. Kg2 Rb2+ 52. Bf2 1-0